[Event "London WFW"]
[Site "London"]
[Date "1991.??.??"]
[Round "?"]
[White "Khalifman, Alexander"]
[Black "Byrne, Robert Eugene"]
[Result "1/2-1/2"]
[WhiteElo "2640"]
[BlackElo "2465"]
[Annotator "Wahls,M"]
[PlyCount "39"]
[EventDate "1991.05.??"]
[EventType "tourn"]
[EventRounds "13"]
[EventCountry "ENG"]
[EventCategory "11"]
[SourceTitle "CBM 024"]
[Source "ChessBase"]
[SourceDate "1991.10.01"]
[SourceVersion "1"]
[SourceVersionDate "1991.10.01"]
[SourceQuality "1"]

1. d4 Nf6 2. c4 g6 3. Nc3 Bg7 4. e4 d6 5. Nf3 O-O 6. Be2 e5 7. O-O Nc6 8. Be3
Ng4 9. Bg5 f6 10. Bc1 exd4 11. Nxd4 Nxd4 12. Qxd4 f5 13. Qd5+ Kh8 14. Bxg4 fxg4
15. Bg5 {N} (15. Be3 c6 16. Qd3 Be6 17. Bd4 Be5 18. Rad1 Qg5 19. Ne2 Rad8 20.
b3 b6 21. Be3 Qh4 {= Portisch-Piket 1990}) 15... Qe8 16. Rad1 Be6 17. Qd3 Rf7
18. Be3 b6 19. Bd4 Qf8 20. b3 1/2-1/2

[Event "London WFW"]
[Site "London"]
[Date "1991.??.??"]
[Round "?"]
[White "Khalifman, Alexander"]
[Black "Watson, William N"]
[Result "1-0"]
[WhiteElo "2640"]
[BlackElo "2505"]
[Annotator "Wahls,M"]
[PlyCount "43"]
[EventDate "1991.05.??"]
[EventType "tourn"]
[EventRounds "13"]
[EventCountry "ENG"]
[EventCategory "11"]
[SourceTitle "CBM 024"]
[Source "ChessBase"]
[SourceDate "1991.10.01"]
[SourceVersion "1"]
[SourceVersionDate "1991.10.01"]
[SourceQuality "1"]

1. d4 Nf6 2. c4 g6 3. Nc3 Bg7 4. e4 d6 5. Be2 O-O 6. Nf3 e5 7. O-O Nc6 8. d5
Ne7 9. Ne1 Nd7 10. Nd3 f5 11. Bd2 Rf7 $6 {N} 12. f3 f4 13. Rc1 h5 (13... g5 14.
g4) 14. c5 $1 Nxc5 15. Nxc5 dxc5 16. Bc4 Kf8 17. Be1 b6 18. b4 cxb4 19. Nb5 c5
20. d6 Nc6 21. Qd5 Qd7 22. Bh4 1-0

[Event "Bled/Rogaska Slatina"]
[Site "Bled"]
[Date "1991.??.??"]
[Round "4"]
[White "Khalifman, Alexander"]
[Black "Hulak, Krunoslav"]
[Result "0-1"]
[WhiteElo "2640"]
[BlackElo "2520"]
[Annotator "Ftacnik,L"]
[PlyCount "104"]
[EventDate "1991.06.??"]
[EventType "tourn"]
[EventRounds "13"]
[EventCountry "SLO"]
[EventCategory "12"]
[SourceTitle "CBM 024"]
[Source "ChessBase"]
[SourceDate "1991.10.01"]
[SourceVersion "1"]
[SourceVersionDate "1991.10.01"]
[SourceQuality "1"]

1. d4 {Schussler Kortschnoj} Nf6 2. c4 e6 3. Nf3 b6 4. Nc3 Bb4 5. Bg5 Bb7 6. e3
Bxc3+ 7. bxc3 d6 8. Nd2 Nbd7 9. f3 h6 10. Bh4 Qe7 11. Be2 (11. Bd3 e5 12. e4
Nf8 13. Nf1 Ng6 14. Bf2 Nf4 15. Ne3 Bc8 16. Bc2 O-O 17. a4 a5 18. h4 g6 19. Qd2
$14 {Piket,Je-Lim,M/Adelaide WchJ/1988/}) 11... e5 12. e4 Nf8 13. Nf1 Ng6 14.
Bf2 Nf4 15. Ne3 O-O {N} (15... N6h5 16. Bf1 g6 {Benjamin,J-Arnason,J/Novi Sad
ol/1990/} 17. g3 Ne6 18. Bg2 $14 {Benjamin,J}) 16. Bf1 (16. O-O N6h5 $132)
16... Rfe8 17. g3 (17. d5 {Kortschnoj} Nd7 18. g3 Ng6 19. h4 $13) 17... Bxe4 $5
(17... Ne6 18. Bg2 $14) 18. fxe4 (18. gxf4 exf4 19. fxe4 Qxe4 20. Rg1 fxe3 21.
Bg3 e2 22. Bxe2 Qe3 23. Rf1 (23. Kf1 Ne4 $19) 23... Qxc3+ 24. Kf2 Qe3+ 25. Ke1
Ne4 26. Rf3 Qg1+ 27. Rf1 Qg2 $19) (18. dxe5 Qxe5 19. gxf4 Qxc3+ 20. Ke2 Bc2 21.
Qc1 Nh5 $17) 18... exd4 19. Qxd4 (19. gxf4 dxe3 (19... Qxe4 $6 20. Bg2 Qxg2 21.
Rg1 Qxh2 22. Qxd4 $36) 20. Bh4 Qxe4 21. Rg1 Qxf4 $17) (19. cxd4 Nxe4 (19...
Qxe4 20. Rg1 Ng4 21. Qxg4 Nd3+ 22. Kd2 Nxf2 23. Qxe4 Rxe4 $14) 20. Bg1 (20. Qf3
d5 $1 21. c5 Qf6 22. Qxf4 Qxd4 23. Rd1 Qb4+ 24. Ke2 d4 $40) (20. gxf4 Nxf2 21.
Kxf2 Qxe3+ 22. Kg2 Qxf4 (22... Re6 23. Bd3 Qxf4 24. Rf1) 23. Be2 Qg5+ 24. Kf1
Re6 $40) 20... Qg5 (20... d5 21. Qb3 $1) 21. d5 (21. gxf4 $2 Qh4+ 22. Ke2 Nc3+
$19) (21. Qf3 $2 Qa5+) 21... Ng6 $14 (21... Qf6 22. Rc1 Qb2 23. gxf4 Qb4+ 24.
Ke2 Nc3+ 25. Rxc3 Qxc3 26. Kf3 $16) (21... Nc3 22. Qc1 Nfxd5 23. cxd5 Nxd5 24.
Bg2 Nxe3 25. Bxa8 Nc2+ 26. Kd1 Re1+ 27. Kxc2 Qf5+ 28. Kd2 Rxc1 29. Rxc1 $18))
19... c5 (19... Nxe4 20. Nf5 $1) 20. Qd2 (20. Nf5 Qe6 (20... Qb7 $1 {Kortschnoj
} 21. Nxd6 (21. Nxh6+ Kh7) 21... Qc6 22. Qe3 (22. Qd1 Rxe4+ $19) 22... Qxd6 $19
) 21. Qxd6 Qxf5 22. gxf4 Nxe4 $19) (20. Qd1 Nxe4 21. gxf4 (21. Bg1 Nxc3 22. Qc2
Nfd5 23. cxd5 Nxd5 24. Qd2 Nxe3 25. Bxe3 Qxe3+ 26. Qxe3 Rxe3+ 27. Kd2 Rae8 $15)
21... Nxf2 22. Kxf2 Qxe3+ 23. Kg2 Qxf4 24. Qf3 Qg5+ 25. Kf2 d5 $40) 20... Nxe4
21. Qc2 (21. Nf5 Qf6 22. Qxf4 Qxc3+ 23. Ke2 Qb2+ $19) (21. Qc1 $5 Qf6 22. gxf4
Nxf2 23. Kxf2 Qxf4+ 24. Ke2 Re5 (24... Qxc4+ 25. Kd2 Qf4 26. Qe1 d5 27. Qg3)
25. Rg1 $13) 21... Qf6 $1 (21... Nxf2 22. Qxf2 Qxe3+ 23. Qxe3 Rxe3+ 24. Kd2 Rf3
25. gxf4 $14) 22. Bg1 $2 (22. gxf4 Nxf2 23. Kxf2 Qxf4+ 24. Kg2 Rxe3 $17) (22.
Rc1 $1 d5 (22... Ng6 23. Bg2) 23. gxf4 (23. cxd5 Nxd5 24. Nxd5 Nxf2+ 25. Be2
Qf3 26. Rf1 Nd3+ 27. Kd1 Qxd5 28. Qxd3 Qxa2 $13) 23... Nxf2 24. Qxf2 d4 25.
cxd4 cxd4 26. Be2 Rxe3 27. O-O Rae8 $40) 22... Nxc3 23. gxf4 (23. Rc1 d5 $1 24.
Qxc3 d4 25. Qb3 Ng6 $40) 23... d5 $1 24. Bg2 (24. Rc1 d4 $40) 24... Rad8 25.
cxd5 (25. Rc1 d4) 25... Nxd5 26. O-O-O (26. Bxd5 Qxa1+ 27. Qd1 (27. Kf2 {
Kortschnoj} Qd4 $19) 27... Qd4 $1 $17) 26... Nxe3 (26... Qa1+ 27. Qb1 Qxb1+ 28.
Kxb1 Nc3+ 29. Kc1 Nxd1 30. Nxd1 Re1 31. Bf3 Rd3 32. Bf2 (32. Bg4 f5 $19) 32...
Rdxd1+ 33. Bxd1 Rxh1 $17) 27. Bxe3 (27. Rxd8 Rxd8 28. Bxe3 Qa1+ 29. Qb1 Qc3+
30. Qc2 Qxe3+ 31. Kb1 Qxf4) 27... Qa1+ 28. Qb1 Qc3+ 29. Qc2 Qxe3+ 30. Kb1 Rxd1+
(30... Qxf4 31. Bd5) 31. Rxd1 Qxf4 32. Bc6 (32. Bd5 Qb4+ 33. Qb2 Qxb2+ 34. Kxb2
g6 (34... Re2+ 35. Kc3 Rxh2 36. Rf1 $132) 35. Rf1 Re7 $17) 32... Qb4+ 33. Ka1
Re1 $1 34. Rxe1 Qxe1+ 35. Kb2 g6 36. Bb5 (36. Be4 Kg7 $17) 36... Qb4+ 37. Qb3
Qxb3+ 38. Kxb3 f5 39. Kc3 (39. Kc4 Kf7 40. Kd5 Kf6 41. Kc6 Ke5 $1 42. Kb7 Kd4
43. Kxa7 c4 44. Kxb6 c3 45. Ba4 f4 46. Bd1 f3 47. a4 f2 $19) 39... Kf7 40. Kd3
g5 41. a4 Kf6 42. Be8 (42. h3 h5 43. Be8 h4 44. Bd7 Ke5 45. Ke3 c4 46. Bb5 c3
47. Bd7 c2 48. Kd2 Kf4 49. Kxc2 g4 50. hxg4 (50. Kd2 gxh3 51. Ke2 Kg3 52. Kf1
h2 53. Bc6 f4 54. Ke2 a6 $19) 50... fxg4 51. Kd2 h3 52. Ke2 h2 53. Bc6 Kg3 54.
Ke3 a6 55. Ke2 b5 $19) 42... g4 43. Ke3 Kg5 44. Bb5 h5 45. Bf1 h4 46. h3 (46.
Bg2 f4+ 47. Ke4 (47. Kf2 f3 48. Bf1 Kf4) 47... f3 48. Bf1 h3 $1 49. Ke3 g3 50.
Kxf3 gxh2 $19) 46... g3 47. Kf3 Kf6 48. Kf4 c4 49. Ke3 c3 50. Kd3 Ke5 51. Kxc3
Ke4 52. Kd2 Kf3 {Ftacnik,L} 0-1

[Event "Bled/Rogaska Slatina"]
[Site "Bled"]
[Date "1991.??.??"]
[Round "10"]
[White "Khalifman, Alexander"]
[Black "Kozul, Zdenko"]
[Result "1-0"]
[WhiteElo "2640"]
[BlackElo "2580"]
[Annotator "Ftacnik,L"]
[PlyCount "87"]
[EventDate "1991.06.??"]
[EventType "tourn"]
[EventRounds "13"]
[EventCountry "SLO"]
[EventCategory "12"]
[SourceTitle "CBM 024"]
[Source "ChessBase"]
[SourceDate "1991.10.01"]
[SourceVersion "1"]
[SourceVersionDate "1991.10.01"]
[SourceQuality "1"]

1. d4 Nf6 2. c4 g6 3. Nc3 d5 4. Nf3 Bg7 5. cxd5 Nxd5 6. e4 Nxc3 7. bxc3 c5 8.
Rb1 O-O 9. Be2 cxd4 10. cxd4 Qa5+ 11. Bd2 Qxa2 12. O-O Nd7 13. Bb4 Nb6 14. Ra1
Qe6 15. Qb1 $5 {N} (15. Bd3 Qd7 16. Ra5 Qd8 17. h3 Nd7 18. Qa1 Nb8 19. Bc3 Nc6
20. Ra3 e6 21. Bc4 $36 {Berg Hansen,S-Vanheste,J/Lyngby op/1989/}) 15... Bd7 (
15... Qd7 16. Bc5 $1) 16. Ra5 Nc8 17. Ne5 (17. Ng5 Qb6) 17... Be8 (17... Bxe5
18. Rxe5 Qf6 19. f4 $40) 18. Ba3 (18. Bc4 Qb6) 18... b5 $5 (18... b6 19. Bc4
Qf6 20. Ra6 $36) 19. Bxb5 Bxe5 20. Bxe8 (20. dxe5 Qxe5 21. Bb2 Qh5) 20... Bc7
$1 (20... Bxd4 21. Ba4 $146) 21. Rc5 Bd6 22. Ba4 Bxc5 23. dxc5 a6 (23... Rd8
24. Qb7 Qa2 25. Qxa8 Qxa3 26. Qc6 $16) 24. Bb3 Qe5 25. Qc2 Rb8 (25... Rd8 26.
Bb2 Qc7 27. Qc3 e5 28. f4 $40) 26. Bb2 Qc7 27. Qc3 e5 28. f4 (28. Bd5 Rb5 29.
c6 Ne7) 28... Rb5 29. fxe5 Ne7 (29... Qxc5+ 30. Qxc5 Rxc5 31. e6 $18) (29...
Rxc5 30. Qd4 Rd8 31. Rxf7 $18) 30. Ba3 (30. Rxf7 Rxf7 31. e6 Qxc5+ 32. Qxc5
Rxc5 33. exf7+ Kf8) (30. e6 f6 31. Rxf6 Qxc5+ 32. Qxc5 Rxc5 $17) 30... Qa5 31.
Qf3 $1 h5 (31... Qxa3 32. Bxf7+ $18) 32. Bxf7+ Kh7 33. c6 Qb6+ 34. Kh1 Rxe5 35.
Bxe7 Rxe7 36. Bxg6+ Kxg6 37. Qxf8 Rg7 38. Qf5+ Kh6 39. Qf6+ Kh7 40. Qf5+ Kh6
41. Qd5 Rg6 42. Qe5 Qxc6 (42... Rg7 43. Rf6+ Rg6 44. Qf4+ Kg7 45. Rf7+ Kg8 46.
Rf8+ $18) 43. Qh8+ Kg5 44. Rf5+ {Ftacnik,L} 1-0

[Event "Hamburg SKA"]
[Site "Hamburg"]
[Date "1991.06.27"]
[Round "1"]
[White "Hansen, Curt"]
[Black "Khalifman, Alexander"]
[Result "1-0"]
[WhiteElo "2565"]
[BlackElo "2640"]
[Annotator "Ribli,Z"]
[PlyCount "81"]
[EventDate "1991.06.27"]
[EventType "tourn"]
[EventRounds "13"]
[EventCountry "GER"]
[EventCategory "11"]
[SourceTitle "CBM 024"]
[Source "ChessBase"]
[SourceDate "1991.10.01"]
[SourceVersion "1"]
[SourceVersionDate "1991.10.01"]
[SourceQuality "1"]

1. c4 e5 2. Nc3 d6 3. g3 Nc6 4. Bg2 g6 5. e4 Bg7 6. d3 Nd4 $6 (6... Nge7 $5) (
6... f5 $5) 7. Nce2 Ne6 8. Nh3 Ne7 9. Ng5 Nc6 10. Nxe6 Bxe6 11. Be3 Qd7 12. h4
h5 13. Qd2 a6 14. Rc1 O-O 15. Bh6 b5 16. Bxg7 Kxg7 17. O-O bxc4 18. dxc4 a5 19.
b3 a4 20. b4 a3 21. f4 Bg4 22. b5 Na5 23. f5 c6 24. Bf3 f6 25. Bxg4 hxg4 26.
fxg6 Kxg6 27. Rf5 Qe6 28. bxc6 Nxc6 29. Rcf1 Rab8 30. Qd1 $1 Kh7 31. Nf4 $1
exf4 32. Qxg4 Qxf5 33. Qxf5+ Kh8 34. Qh5+ Kg7 35. gxf4 Rh8 36. Qg4+ Kf8 37. Qd7
Ne7 38. e5 dxe5 39. Qd6 Kf7 40. fxe5 Rbg8+ 41. Kf2 1-0

[Event "Hamburg SKA"]
[Site "Hamburg"]
[Date "1991.06.28"]
[Round "2"]
[White "Khalifman, Alexander"]
[Black "Knaak, Rainer"]
[Result "1-0"]
[WhiteElo "2640"]
[BlackElo "2515"]
[Annotator "Horn,Pe"]
[PlyCount "71"]
[EventDate "1991.06.27"]
[EventType "tourn"]
[EventRounds "13"]
[EventCountry "GER"]
[EventCategory "11"]
[SourceTitle "CBM 024"]
[Source "ChessBase"]
[SourceDate "1991.10.01"]
[SourceVersion "1"]
[SourceVersionDate "1991.10.01"]
[SourceQuality "1"]

1. Nf3 e6 2. g3 b5 3. Bg2 Bb7 4. O-O Nf6 5. b3 Be7 6. c4 bxc4 7. bxc4 Qc8 $6 {N
} (7... c5 $10 8. Nc3 (8. d3 O-O 9. Nbd2 Nc6 10. Rb1 Rb8 11. Qa4 $10 {
Damljanovic-Agdestein, Belgrad 1989, CBM16}) 8... O-O (8... Nc6 $5) 9. Rb1 Bc6
10. Bb2 (10. d3 $5 d6 11. e4 $5 $13 (11. Bd2 Nbd7 12. Qc2 $10 {Razuvaev}))
10... d6 11. e3 Nbd7 12. d4 $6 (12. d3 $10) 12... Nb6 $15 {Kochiev-G.Garcia,
Leningrad 1977}) 8. Nc3 Na6 9. d3 O-O 10. e4 {/\ e5} d6 11. Rb1 Nd7 (11... e5 {
/\ Nc5} 12. Nh4 $14) 12. d4 Nb6 13. Bh3 $1 c6 (13... Nxc4 14. d5 $146) 14. Nd2
$16 Nc7 15. e5 dxe5 16. dxe5 Ba6 17. Qg4 Qd7 18. Rd1 {/\ Ne4-f6+} Ne8 19. Nf3
Qc8 20. Bf1 f5 21. Qf4 c5 22. a4 Nc7 23. a5 Nd7 24. Nb5 $1 Bxb5 $6 (24... Bb7)
25. cxb5 Nd5 26. Qc4 Qc7 27. Rxd5 $1 exd5 28. Qxd5+ Kh8 29. Bf4 {/\ e6} Rad8
30. e6 Nb8 31. Bxc7 Rxd5 32. Bc4 Rdd8 33. Bxd8 Rxd8 34. Ne5 Kg8 35. Nc6 Nxc6
36. bxc6 1-0

[Event "Hamburg SKA"]
[Site "Hamburg"]
[Date "1991.06.29"]
[Round "3"]
[White "Kindermann, Stefan"]
[Black "Khalifman, Alexander"]
[Result "1-0"]
[WhiteElo "2515"]
[BlackElo "2640"]
[Annotator "Stohl,I"]
[PlyCount "79"]
[EventDate "1991.06.27"]
[EventType "tourn"]
[EventRounds "13"]
[EventCountry "GER"]
[EventCategory "11"]
[SourceTitle "CBM 024"]
[Source "ChessBase"]
[SourceDate "1991.10.01"]
[SourceVersion "1"]
[SourceVersionDate "1991.10.01"]
[SourceQuality "1"]

1. e4 g6 2. d4 Bg7 3. Nc3 d6 4. f4 Nf6 5. Nf3 c5 6. dxc5 Qa5 7. Bd3 (7. Qd3
Qxc5 8. Be3 Qa5 9. Qb5+ Qxb5 10. Nxb5 Na6 11. Bd3 O-O 12. Bd4 Bd7 13. Nc3 Nb4
14. O-O Nc6 15. Be3 Rfc8 16. h3 Nb4 $10 {Dvoiris,S-Zaichik,G,Polanica Zdroj
1989}) 7... Qxc5 8. Qe2 Bg4 (8... O-O 9. Be3 Qa5 10. h3 $5 e5 11. O-O-O Nh5 12.
f5 $1 Ng3 13. Qe1 Nxh1 14. g4 $146 gxf5 $2 15. gxf5 Qd8 16. Bc4 Kh8 17. Ng5 $40
{Zso,Polgar-Van Wely,L,Wijk II 1990-CBM 17}) 9. Be3 (9. h3 Bxf3 10. Qxf3 O-O
11. Be3 Qa5 12. g4 Nc6 13. Bd2 Nb4 14. h4 h5 15. g5 Ng4 $132 {Polgar,Zso-Van
Wely,L,Amsterdam OHRA II 1990-CBM 20}) 9... Qa5 10. O-O (10. h3 Bxf3 11. Qxf3
Nc6 12. O-O-O $6 O-O 13. Kb1 Rfc8 14. Ne2 Nb4 15. a3 Nxd3 16. Rxd3 Rc6 17. Rhd1
Rac8 $36 {Hector,J-Ehlvest,J,Haninge 1990-CBM 18}) 10... O-O 11. h3 (11. Qe1
Nc6 12. Kh1 Nb4 (12... Bxf3 13. Rxf3 Rac8 14. a3 d5 $5 15. e5 d4 16. exf6 Bxf6
17. Ne4 dxe3 18. Nxf6+ exf6 19. Rxe3 Qb6 $13 {De_Firmian-Chernin,A,Moscow GMA
final 1990}) 13. Nd4 Nxd3 14. cxd3 Bd7 15. Nb3 Qd8 16. a4 Ng4 17. Bg1 f5 18. h3
Nf6 $132 {Kuijf,R-Nijboer,F,Wijk 1990-CBM 17}) 11... Bxf3 12. Qxf3 Nc6 13. Kh1
$5 (13. a3 Nd7 14. Bd2 (14. Rab1 $6 Bxc3 $1 15. bxc3 Qxc3 16. Bc1 Rac8 17. Bb2
Qc5+ 18. Kh1 Nb6 19. e5 dxe5 20. f5 Nc4 $17 {Schmittdiel,E-Chernin,A,
Dortmund-A 1991-CBM 23}) 14... Qb6+ 15. Kh1 Nc5 16. Rab1 Nxd3 17. cxd3 f5 $1 (
17... e6 $2 18. f5 $1 exf5 19. exf5 Nd4 20. Qg3 Nxf5 21. Rxf5 gxf5 22. Nd5 $40
{Tolnai,T-Gurevich,M,Luzern tt 1989-CBM 16}) 18. exf5 gxf5 19. Nd5 Qb3 20. Rfe1
Rf7 21. Bc3 e6 $1 $10 {Sax,G-Seirawan,Y,Skelleftea WCup 1989-CBM 14}) (13. Ne2
Nd7 14. c3 $2 Nde5 $1 $19 {Huebner,R-Kortschnoi,V,Skelleftea WCup 1989-CBM 14})
13... Nd7 (13... Nb4 14. a3 Nxd3 15. cxd3 e6 16. f5 $36 {Reeh,O-Espig,L,
Potsdam FRG-GDR 1988-CBM 09}) 14. Bd2 Nc5 (14... Qb6 15. Rab1 Nc5 16. Bc4 $5
Qb4 17. b3 Nd4 18. Qd1 Qa3 (18... Ndxb3 $2 19. Bxb3 Bxc3 20. Bxf7+ $18) 19. f5
b5 20. Bd5 $16 {Lanc,A-Chabanon,JL,Trnava op 1990}) 15. Rad1 Qb6 16. Bc1 Bxc3
$2 (16... Nxd3 17. cxd3 f5 $132) 17. bxc3 Qa5 18. Bc4 $16 {׻} Qa4 19. Qe2 Na5
20. Bd5 e6 21. Rd4 $1 Qd7 22. Bb3 {><d6} Qe7 23. Qf3 {/\f5->} f5 24. exf5 Rxf5
(24... gxf5 25. Re1 $16 {/\Ba3}) 25. Re1 Raf8 26. Qd1 $1 {><d6,e6} Rd8 27. Ba3
Naxb3 $8 28. cxb3 b6 29. c4 {->/^a1-h8} a5 30. Qd2 e5 31. Rd5 $1 e4 $8 (31...
Rxf4 $2 32. Qxf4) 32. Rd4 (32. Bb2 $5 $40) 32... Qh4 33. Bxc5 bxc5 34. Rdxe4
$18 {<->e,׻} Rdf8 35. Qxd6 Rxf4 36. Qe6+ (36. Qd5+ $18) 36... Kh8 (36... R8f7
37. Rxf4 Qxf4 38. Qc8+ Kg7 39. Qxc5 $18) 37. Qe5+ Kg8 38. Qd5+ Kh8 39. Qxc5 $1
Rf1+ 40. Kh2 {Stohl,I} 1-0

[Event "Hamburg SKA"]
[Site "Hamburg"]
[Date "1991.06.30"]
[Round "4"]
[White "Khalifman, Alexander"]
[Black "Maus, Soenke"]
[Result "1-0"]
[WhiteElo "2640"]
[BlackElo "2400"]
[Annotator "Ftacnik,L"]
[PlyCount "67"]
[EventDate "1991.06.27"]
[EventType "tourn"]
[EventRounds "13"]
[EventCountry "GER"]
[EventCategory "11"]
[SourceTitle "CBM 024"]
[Source "ChessBase"]
[SourceDate "1991.10.01"]
[SourceVersion "1"]
[SourceVersionDate "1991.10.01"]
[SourceQuality "1"]

1. d4 {Stohl} Nf6 2. Nf3 c5 3. d5 e6 4. c4 exd5 5. cxd5 d6 6. e4 g6 7. Nc3 Bg7
8. h3 O-O 9. Bd3 Bd7 (9... a6 {Stohl} 10. a4 Nh5 (10... Nbd7 11. O-O Re8 12.
Re1 $14) 11. Bg5 $1 (11. O-O Nd7 12. Bg5 Bf6 13. Be3 Re8 14. g4 $5 (14. Rb1 Bg7
15. Re1 Rb8 16. Qd2 Qa5 17. Qc2 $14 {Khalifman,A-Suba,M,London WFW-CBM 24})
14... Ng7 15. Kg2 Rb8 16. Qd2 Qc7 17. Rac1 c4 18. Ne2 b5 19. axb5 axb5 20. b4
$1 $36 {Brenninkmeijer,J-Wojtkiewicz,A,Ter Apel 1991-CBM 24}) 11... Bf6 12. Be3
Nd7 13. Be2 $1 Re8 14. Nd2 Bd4 15. Bxh5 Bxe3 16. fxe3 Qh4+ 17. g3 $1 Qxg3+ 18.
Ke2 Qg2+ 19. Kd3 Ne5+ 20. Kc2 $16 {Ivanchuk,V-Yudasin,L,Riga cm 1991-CBM 22})
10. Bf4 Re8 (10... Qc7 11. O-O c4 12. Bc2 Na6 13. e5 (13. Re1 Rfe8 14. Qd2 b5
15. a3 Nc5 16. e5 dxe5 17. Bxe5 Qb6 $14 {Vyzhmanavin,A-Psakhis,L/Protvino/1988/
}) 13... Nh5 14. exd6 Qb6 15. Be5 Qxb2 16. Ne4 Bxe5 17. Rb1 Qxa2 18. Nxe5 $36 {
Polgar,Zsu-Blees,A/Lillafured/1989/}) 11. O-O (11. Bxd6 Nxe4 12. Nxe4 f5 $36)
11... b5 (11... Qc7 {Stohl} 12. Re1 $16 {/\e5}) 12. Bxd6 (12. Bxb5 Nxe4 13.
Bxd7 Qxd7 $10) (12. Nxb5 Bxb5 (12... Nxe4 13. Nxd6 Nxd6 14. Bxd6 Qb6 15. Bf4
Qxb2 16. Rb1 Qxa2 $13) 13. Bxb5 Rxe4 $132) 12... b4 13. Ne2 (13. Na4 Bxa4 14.
Qxa4 Qxd6 15. e5 Rxe5 $17) 13... Nxe4 (13... Bxh3 {Stohl} 14. Bxc5 Bg4 15. Ng3
$16) 14. Bxe4 Rxe4 15. Ng3 (15. Bxc5 Bb5 16. Re1 Na6 17. Be3 Bxb2 $132) 15...
Re8 (15... Rc4 $6 {Stohl} 16. b3 Rc3 17. Ne4 $16) 16. Bxc5 Bb5 (16... Bxb2 {
Stohl} 17. Rb1 Bg7 18. Bxb4 $16) 17. Re1 Rxe1+ (17... Na6 18. Rxe8+ Qxe8 19.
Bd4 $16) (17... Bxb2 {Stohl} 18. Rxe8+ Qxe8 19. Rb1 $16) 18. Qxe1 (18. Nxe1 Na6
19. Be3 Bxb2 20. Rb1 Bg7 $132) 18... Bxb2 (18... Qxd5 19. Bxb4 Na6 (19... Bxb2
20. Rd1 $18) 20. Bc3 Re8 21. Qd2 $16) 19. Rd1 Bc3 20. Qe4 Na6 (20... Qe8 21.
Be7 $1) (20... a5 $142 $5 {Stohl} 21. Nd4 (21. Be7 Qd7 22. d6 Nc6) (21. Bd4 $5
$36) 21... Ba4 $14) 21. Be7 Qd7 22. d6 Re8 (22... Bc6 23. Qf4 (23. Ne5 {Stohl}
Bxe4 24. Nxd7 Bc6 25. Nf6+ $16) 23... Bxf3 24. Qxf3 Re8 25. Ne4 $18) 23. Qh4
Nc5 (23... Bg7 24. Ne4 $18) 24. Nd4 (24. Ng5 h5 25. N3e4 Nxe4 26. Nxe4 Qe6 $132
) 24... Bd3 (24... Ba4 {Stohl} 25. Nh5 $1 Bxd4 26. Rxd4 gxh5 27. Qg5+ $18) 25.
Nh5 $1 Bxd4 (25... gxh5 26. Qg5+ (26. Rxd3 {Stohl} Nxd3 27. Qg5+ Kh8 28. Bf6#)
26... Kh8 27. Bf6#) 26. Qxd4 gxh5 27. Qxc5 Bg6 28. Rd4 (28. Qxb4 $4 {Stohl}
Rxe7 29. dxe7 Qxd1+ 30. Kh2 f6 $10) 28... h6 (28... a5 {Stohl} 29. Qxa5 Rxe7
30. dxe7 $18) 29. Qxb4 Kh7 30. Qa4 Qe6 (30... Bf5 31. Qxd7 Bxd7 32. Rb4 (32.
Rc4 $18 {Stohl /\Rc7}) 32... Bc6 33. Rc4 Rc8 34. Rxc6 Rxc6 35. d7 $18) 31. d7
$1 (31. Qxe8 Qe1+ 32. Kh2 Qe5+ 33. g3 Qxd4 $132) 31... Qe1+ 32. Kh2 Rb8 33.
d8=Q Rb1 34. Rd1 {Ftacnik,L} (34. Bf6 $18 {Stohl}) 1-0

[Event "Hamburg SKA"]
[Site "Hamburg"]
[Date "1991.07.01"]
[Round "5"]
[White "Bischoff, Klaus"]
[Black "Khalifman, Alexander"]
[Result "1/2-1/2"]
[WhiteElo "2495"]
[BlackElo "2640"]
[PlyCount "46"]
[EventDate "1991.06.27"]
[EventType "tourn"]
[EventRounds "13"]
[EventCountry "GER"]
[EventCategory "11"]
[SourceTitle "CBM 024"]
[Source "ChessBase"]
[SourceDate "1991.10.01"]
[SourceVersion "1"]
[SourceVersionDate "1991.10.01"]
[SourceQuality "1"]

1. d4 Nf6 2. c4 e6 3. Nc3 Bb4 4. e3 O-O 5. Nge2 Re8 6. a3 Bf8 7. g3 d5 8. cxd5
exd5 9. Bg2 a5 10. O-O c6 11. Bd2 Na6 12. Rc1 Nc7 13. f3 Ne6 14. Be1 c5 15. Bf2
b6 16. Qd2 Ba6 17. Rfd1 Bc4 18. Nf4 cxd4 19. exd4 Nxf4 20. Qxf4 b5 21. Re1
Rxe1+ 22. Bxe1 Bd6 23. Qd2 Qd7 1/2-1/2

[Event "Hamburg SKA"]
[Site "Hamburg"]
[Date "1991.07.04"]
[Round "7"]
[White "Wahls, Matthias"]
[Black "Khalifman, Alexander"]
[Result "1/2-1/2"]
[WhiteElo "2560"]
[BlackElo "2640"]
[Annotator "Schussler,H"]
[PlyCount "67"]
[EventDate "1991.06.27"]
[EventType "tourn"]
[EventRounds "13"]
[EventCountry "GER"]
[EventCategory "11"]
[SourceTitle "CBM 024"]
[Source "ChessBase"]
[SourceDate "1991.10.01"]
[SourceVersion "1"]
[SourceVersionDate "1991.10.01"]
[SourceQuality "1"]

1. e4 e5 2. Nf3 Nc6 3. Bb5 a6 4. Ba4 Nf6 5. O-O Be7 6. Re1 b5 7. Bb3 O-O 8. c3
d5 9. exd5 Nxd5 10. Nxe5 Nxe5 11. Rxe5 c6 12. d4 Bd6 13. Re2 Qh4 14. g3 Qh3 15.
Nd2 Bf5 16. a4 {Other reasonable moves are 16.Qf1, 16.f3, 16.c4, 16.Bxd5 and
16.Bc2. The text- move is a suggestion of Sax. The point is to activate Ra1.}
Rae8 (16... Nf4 $2 17. gxf4 Rae8 18. Re5 $18) (16... b4 $6 17. Ne4 $1 Bg4 18.
Nxd6 Qh5 19. Bc4 $18) (16... Bd3 17. Re1 Rae8 18. Nf3 Rxe1+ 19. Qxe1 h6 {
(Sax, Hazai)} 20. axb5 axb5 21. Ra7 Nf6 $13 {(Nunn)}) 17. Rxe8 Rxe8 18. Nf1 b4
19. c4 Nf6 20. c5 Bc7 21. Bc4 a5 22. Bd2 h5 23. Qb3 Be4 24. f3 Bd5 $10 25. Re1
Rxe1 26. Bxe1 Qf5 27. Bxd5 Nxd5 28. Qd1 Qe6 29. Bf2 f5 30. Qd3 g5 31. h3 Kg7
32. Nd2 h4 33. gxh4 gxh4 34. Kf1 1/2-1/2